النجوم الزاهرة في ملوك مصر والقاهرة / (Record no. 8268)
[ view plain ]
| 000 -الفاتح | |
|---|---|
| حقل البيانات ثابتة الطول | 01773nac a22003131i 4500 |
| 003 - محدد رقم الضبط | |
| رقم الضبط | EG-ScBUE |
| 005 - وقت وتاريخ اخر تعامل مع التسجيلة | |
| رقم الضبط | 20231011102806.0 |
| 008 - عناصر البيانات ثابتة الطول - معلومات عامة | |
| حقل البيانات ثابتة الطول | 100810k20052006ua f b 00010 cara d |
| 020 ## - الرقم الدولى المعيارى للكتب | |
| الرقم الدولى المعيارى للكتاب | 9771804499 ج16 |
| 020 ## - الرقم الدولى المعيارى للكتب | |
| الرقم الدولى المعيارى للكتاب | 9771804219 ج12 |
| 020 ## - الرقم الدولى المعيارى للكتب | |
| الرقم الدولى المعيارى للكتاب | 9771804561 ج15 |
| 020 ## - الرقم الدولى المعيارى للكتب | |
| الرقم الدولى المعيارى للكتاب | 9771804383 ج14 |
| 040 ## - مصدر الفهرسة | |
| وكالة الفهرسة الأصلية | EG-ScBUE |
| لغة الفهرسة | ara |
| قواعد الوصف | rda |
| وكالة النسخ | EG-ScBUE |
| وكالة التعديل | EG-ScBUE |
| 043 ## - رمز المنطقة الجغرافية | |
| رمز المنطقة الجغرافية | f-ua--- |
| 082 04 - رقم تصنيف ديوى العشرى | |
| رقم التصنيف | 923.162 |
| رقم المادة | أ ت ا |
| رقم الطبعة | 22 |
| 100 1# - المدخل الرئيسى - إسم شخصى | |
| الإسم الشخصى | الأتابكي، جمال الدين أبي المحاسن يوسف بن تغري، |
| التواريخ المصاحبة للاسم | 813-874 هـ، |
| الدور | مؤلف. |
| 9 (RLIN) | 17159 |
| 245 12 - بيان العنوان | |
| العنوان | النجوم الزاهرة في ملوك مصر والقاهرة / |
| بيان المسئوليه,etc | تأليف جمال الدين أبي المحاسن يوسف بن تغري بردي الأتابكي |
| 250 ## - بيان الطبعة | |
| بيان الطبعة | الطبعة الثانية، |
| بقية بيان الطبعة | مصورة. |
| 264 #1 - النشر، التوزيع | |
| مكان الناشر او الموزع | القاهرة : |
| اسم الناشر او الموزع | دار الكتب والوثائق القومية، |
| تاريخ النشر أو التوزيع | 2005-2006. |
| 300 ## - الوصف المادى | |
| التعداد | 16 مجلد ؛ |
| أبعاد الوعاء | 29 سم |
| 336 ## - نوع المحتوى | |
| source | rdacontent |
| Carrier Type Term | نص |
| Content Type Code | txt |
| 337 ## - نوع الوسيط | |
| source | rdamedia |
| Media Type Term | بدون وسيط |
| Media Type Code | n |
| 338 ## - نوع الحامل أو الناقل | |
| source | rdacarrier |
| Carrier Type Term | مجلد |
| Carrier Type Code | nc |
| 504 ## - تبصرة ببليوجرافية | |
| تبصرة ببليوجرافية,الخ | يشتمل على إرجاعات ببليوجرافية وكشافات. |
| 505 0# - تبصرة محتويات-الفهرس | |
| تبصرة المحتويات المصاغة | المجلد الأول -- المجلد الثاني -- المجلد الثالث -- المجلد الرابع -- المجلد الخامس -- المجلد السادس -- المجلد السابع -- المجلد الثامن -- المجلد التاسع -- المجلد العاشر -- المجلد الحادي عشر -- المجلد الثاني عشر -- المجلد الثالث عشر -- المجلد الرابع عشر -- المجلد الخامس عشر -- المجلد السادس عشر. |
| 651 #7 - المدخل الاضافى بالموضوع - اسم جغرافى | |
| 9 (RLIN) | 22201 |
| الاسم الجغرافي | مصر |
| التقسيم الفرعي العام | الملوك والحكام. |
| مصدر الرأس أو المصطلح | BUEsh |
| 655 ## - مصطلح تكشيفى-نوع/شكل | |
| التقسيم الفرعي الشكلي | Reading book |
| 942 ## - عناصر المدخل الإضافي( كوها) | |
| Koha [default] item type | Book - Borrowing |
| مصدر التصنيف او مخطط الترفيف | Dewey Decimal Classification |
| حالة التراجع | حالة الفقد | مصدر التصنيف او خطة الترفيف | حالة تلف | ليس للاعارة | مجموعات كوها | المكان الدائم | المكان الحالي | موقع الترفيف | تاريخ الاكتساب | Source of acquisition | رقم الاستدعاء | الباركود | Date last seen | التكلفة | نوع الوعاء | تبصرة عامة |
|---|---|---|---|---|---|---|---|---|---|---|---|---|---|---|---|---|
| Dewey Decimal Classification | Baccah | Central Library | Central Library | Second Floor | 10/08/2010 | Purchase | 923.162 أ ت ا | 000009172 | 15/07/2025 | 22.00 | Book - Borrowing | ج12 | ||||
| Dewey Decimal Classification | Baccah | Central Library | Central Library | Second Floor | 27/01/2011 | Purchase | 923.162 أ ت ا | 000009174 | 15/07/2025 | Book - Borrowing | ج14 | |||||
| Dewey Decimal Classification | Baccah | Central Library | Central Library | Second Floor | 27/01/2011 | Purchase | 923.162 أ ت ا | 000009175 | 15/07/2025 | Book - Borrowing | ج15 | |||||
| Dewey Decimal Classification | Baccah | Central Library | Central Library | Second Floor | 27/01/2011 | Purchase | 923.162 أ ت ا | 000009176 | 15/07/2025 | Book - Borrowing | ج16 | |||||
| Dewey Decimal Classification | Baccah | Central Library | Central Library | Second Floor | 24/02/2011 | Purchase | 923.162 أ ت ا | 000009173 | 15/07/2025 | Book - Borrowing | ج13 | |||||
| Dewey Decimal Classification | Baccah | Central Library | Central Library | Second Floor | 01/03/2011 | Purchase | 923.162 أ ت ا | 000009168 | 15/07/2025 | Book - Borrowing | ج8 | |||||
| Dewey Decimal Classification | Baccah | Central Library | Central Library | Second Floor | 01/03/2011 | Purchase | 923.162 أ ت ا | 000009164 | 15/07/2025 | Book - Borrowing | ج4 | |||||
| Dewey Decimal Classification | Baccah | Central Library | Central Library | Second Floor | 01/03/2011 | Purchase | 923.162 أ ت ا | 000009165 | 15/07/2025 | Book - Borrowing | ج5 | |||||
| Dewey Decimal Classification | Baccah | Central Library | Central Library | Second Floor | 01/03/2011 | Purchase | 923.162 أ ت ا | 000009166 | 15/07/2025 | Book - Borrowing | ج6 | |||||
| Dewey Decimal Classification | Baccah | Central Library | Central Library | Second Floor | 01/03/2011 | Purchase | 923.162 أ ت ا | 000009162 | 15/07/2025 | Book - Borrowing | ج2 | |||||
| Dewey Decimal Classification | Baccah | Central Library | Central Library | Second Floor | 01/03/2011 | Purchase | 923.162 أ ت ا | 000009161 | 15/07/2025 | Book - Borrowing | ج1 | |||||
| Dewey Decimal Classification | Baccah | Central Library | Central Library | Second Floor | 01/03/2011 | Purchase | 923.162 أ ت ا | 000009171 | 15/07/2025 | Book - Borrowing | ج11 | |||||
| Dewey Decimal Classification | Baccah | Central Library | Central Library | Second Floor | 01/03/2011 | Purchase | 923.162 أ ت ا | 000009167 | 15/07/2025 | Book - Borrowing | ج7 | |||||
| Dewey Decimal Classification | Baccah | Central Library | Central Library | Second Floor | 01/03/2011 | Purchase | 923.162 أ ت ا | 000009163 | 15/07/2025 | Book - Borrowing | ج3 | |||||
| Dewey Decimal Classification | Baccah | Central Library | Central Library | Second Floor | 01/03/2011 | Purchase | 923.162 أ ت ا | 000009170 | 15/07/2025 | Book - Borrowing | ج10 | |||||
| Dewey Decimal Classification | Baccah | Central Library | Central Library | Second Floor | 01/03/2011 | Purchase | 923.162 أ ت ا | 000009169 | 15/07/2025 | Book - Borrowing | ج9 |